Central Library OPAC University of Rajshahi

A concise history of World War 1 / (Record no. 27716)

MARC details
000 -LEADER
fixed length control field 00738nam a22002172i 4500
001 - CONTROL NUMBER
control field 27716
003 - CONTROL NUMBER IDENTIFIER
rucl marc code BD-RjUL
005 - DATE AND TIME OF LATEST TRANSACTION
control field 20211209051207.0
008 - FIXED-LENGTH DATA ELEMENTS--GENERAL INFORMATION
fixed length control field 140327s19651964 uk 000 0 eng d
035 ## - SYSTEM CONTROL NUMBER
System control number (BD-RjUL)27795
040 ## - CATALOGING SOURCE
Original cataloging agency UKM
Transcribing agency UKM
Modifying agency BD-RjUL
Language of cataloging eng
041 ## - LANGUAGE CODE
Language code of text/sound track or separate title eng
082 ## - DEWEY DECIMAL CLASSIFICATION NUMBER
Classification number 940.3
Edition number 18
Author mark and year ESC 1965
100 1# - MAIN ENTRY--PERSONAL NAME
Personal name Esposito, Vincent J.
Fuller form of name (Vincent Joseph),
Dates associated with a name 1900-1965.
9 (RLIN) 85084
245 12 - TITLE STATEMENT
Title A concise history of World War 1 /
Statement of responsibility, etc. prepared for the Encyclopedia Americana under the advisory editorship of Brigadier General Vincent J. Esposito
260 ## - PUBLICATION, DISTRIBUTION, ETC. (IMPRINT)
Place of publication, distribution, etc. Pall Mall Press,
Date of publication, distribution, etc. 1964 [Printed 1965]
300 ## - PHYSICAL DESCRIPTION
Pagination 414 p. :
Illustrations ill. ;
Size 21 cm
500 ## - GENERAL NOTE
General note Originally published, Praeger, 1964
942 ## - ADDED ENTRY ELEMENTS (KOHA)
Source of classification or shelving scheme Dewey Decimal Classification
Koha item type Books
Holdings
Lost status Source of classification or shelving scheme Damaged status Not for loan Collection code Permanent Location Current Location Shelving location Date acquired Source of acquisition Cost, normal purchase price Total Checkouts Full call number Date last seen Copy number Koha item type
  Dewey Decimal Classification   Added to bundle Non-fiction Central Library, University of Rajshahi Central Library, University of Rajshahi Reading Room 13/03/1967 American Embassy 31.50   940.3 ESC 1965 27/03/2014 C-1 Books